000 00707cam a2200229 a 4500
999 _c475
_d475
001 17156
003 BD-DhUAP
005 20200129124537.0
008 200121t20011990ii 001 0 eng
020 _a8121910366
040 _aDLC
_cBD-DhUAP
_dBD-DhUAP
_bEng
082 0 0 _a301 RAO
_223
100 1 _a Rao, Shankar C. N.
245 1 0 _aSociology :
_bprimary principles of sociology with an introduction to social thought /
_cShankar C. N. Rao.
250 _a3rd rev. ed.
260 _aNew Delhi :
_bS. Chand & Co. Ltd.,
_cc2000 [Reprinted 2001].
300 _axiii, 695 pages ;
_c22 cm.
650 0 _aSociology.
650 0 _aSociology
_xMethodology.
650 0 _aSociology
_xPhilosophy.
942 _2ddc
_cBK